El Gasto Público en la provincia de Buenos Aires 1914-1940 (Registro nro. 22716)

Detalles MARC
000 -LEADER
fixed length control field 00328 a2200109 4500
001 - CONTROL NUMBER
control field ART_6199
005 - DATE AND TIME OF LATEST TRANSACTION
control field 20260410161825.0
008 - FIXED-LENGTH DATA ELEMENTS--GENERAL INFORMATION
fixed length control field 260409a
100 1# - MAIN ENTRY--PERSONAL NAME
Personal name Degregori, Daniel
245 10 - TITLE STATEMENT
Title El Gasto Público en la provincia de Buenos Aires 1914-1940
773 0# - HOST ITEM ENTRY
Title FACES
Related parts - Año 2, Nº 2 (jun. 1996)
Record control number REV5046

No hay ítems disponibles.